000
00291nam a22001337a 4500
008
171019b xxu||||| |||| 00| 0 eng d
020
_a
9780029256152
041
_a
eng
080
_a
338
100
_a
53
101
_a
MEN
245
_a
INTELLIGENT ENTERPRISE
_c
QUINN,J.B
942
_2
udc
_c
BK
999
_c
34926
_d
34926